[Event "Chigorin Memorial 23rd"]
[Site "St Petersburg"]
[Date "2015.10.05"]
[Round "3"]
[White "Bekhovskiy, Mikhail"]
[Black "Pustovidko, Anastasia"]
[Result "1-0"]
[WhiteElo "2264"]
[BlackElo "2035"]
[PlyCount "113"]
[EventDate "2015.10.03"]
[EventType "swiss"]
[EventRounds "9"]
[EventCountry "RUS"]
[SourceTitle "CBM 168 Extra"]
[Source "ChessBase"]
[SourceDate "2015.10.29"]
[SourceVersion "1"]
[SourceVersionDate "2015.10.29"]
[SourceQuality "1"]

1. d4 Nf6 2. Nf3 b6 3. Bf4 Bb7 4. e3 Nh5 5. Bg5 h6 6. Bh4 g5 7. Bg3 Nxg3 8. hxg3 Bg7 9. Bd3 c5 10. c3 d6 11. Nbd2 Nd7 12. a4 d5 13. Qe2 Qc7 14. 0-0 0-0 15. Bb5 f6 16. e4 dxe4 17. Nxe4 f5 18. Ned2 e5 19. Bxd7 Qxd7 20. Nxe5 Qd5 21. Qc4 cxd4 22. Qxd5+ Bxd5 23. cxd4 Rac8 24. Rac1 Rfe8 25. f4 g4 26. Rc3 Be6 27. Kf2 Rcd8 28. Ke3 Bd5 29. Rg1 Bf8 30. Rc7 a6 31. Kd3 Re7 32. Rxe7 Bxe7 33. Rh1 Kg7 34. Rh5 Bc5 35. dxc5 Bf7+ 36. Kc3 Bxh5 37. cxb6 a5 38. Nc6 Rc8 39. b7 Rxc6+ 40. Nc4 Bf7 41. b3 Bxc4 42. b8Q Bf7+ 43. Kd2 Rc5 44. b4 axb4 45. Qxb4 Rc4 46. Qb2+ Kg6 47. Qb6+ Kg7 48. a5 Ra4 49. a6 Ra2+ 50. Ke3 Rxg2 51. a7 Ra2 52. Qb7 Kg6 53. a8Q Rxa8 54. Qxa8 Kh5 55. Qc6 Bg6 56. Qf6 Bh7 57. Kf2 1-0

[Event "Chigorin Memorial 23rd"]
[Site "St Petersburg"]
[Date "2015.10.03"]
[Round "1"]
[White "Palchun, Grigory"]
[Black "Pustovidko, Anastasia"]
[Result "1-0"]
[WhiteElo "2315"]
[BlackElo "2035"]
[PlyCount "81"]
[EventDate "2015.10.03"]
[EventType "swiss"]
[EventRounds "9"]
[EventCountry "RUS"]
[SourceTitle "CBM 168 Extra"]
[Source "ChessBase"]
[SourceDate "2015.10.29"]
[SourceVersion "1"]
[SourceVersionDate "2015.10.29"]
[SourceQuality "1"]

1. e4 c6 2. d4 d5 3. exd5 cxd5 4. c4 Nf6 5. Nc3 e6 6. Nf3 Nc6 7. cxd5 Nxd5 8. Bd3 g6 9. 0-0 Bg7 10. Be4 0-0 11. Bg5 Qa5 12. Qd2 f5 13. Bxd5 exd5 14. Rfe1 Bd7 15. a3 Rae8 16. Rxe8 Bxe8 17. Bh6 Bf7 18. Re1 Qb6 19. Bxg7 Kxg7 20. Na4 Qa5 21. Qxa5 Nxa5 22. Re7 Rc8 23. Nc3 Kf6 24. Rd7 h6 25. h4 Nc4 26. Rxb7 Nxb2 27. Nb5 Nc4 28. Rxa7 Be8 29. Nc3 Bc6 30. a4 Ra8 31. Rh7 Ra5 32. h5 Bxa4 33. Nxa4 Rxa4 34. Rxh6 Ra1+ 35. Kh2 Ra8 36. Rxg6+ Ke7 37. Kg3 Rh8 38. Kh4 Nd6 39. Ng5 Nb5 40. Rg7+ Ke8 41. Rb7 1-0

[Event "Orsha (Women)"]
[Site "Orsha"]
[Date "2015.01.24"]
[Round "8"]
[White "Pustovidko, Anastasia"]
[Black "Odnorozhenko, Evgenyi"]
[Result "0-1"]
[WhiteElo "2067"]
[BlackElo "2305"]
[PlyCount "66"]
[EventDate "2015.01.19"]
[EventType "tourn"]
[EventRounds "9"]
[EventCountry "BLR"]
[SourceTitle "CBM 164 Extra"]
[Source "ChessBase"]
[SourceDate "2015.03.02"]
[SourceVersion "1"]
[SourceVersionDate "2015.03.02"]
[SourceQuality "1"]

1. d4 Nf6 2. Nc3 d5 3. Bg5 c5 4. Bxf6 gxf6 5. e3 e6 6. Nge2 Nc6 7. g3 Qb6 8. Na4 Qa5+ 9. c3 cxd4 10. Nxd4 Nxd4 11. exd4 Bd7 12. Nc5 Bxc5 13. dxc5 Qxc5 14. Bd3 Bb5 15. 0-0 Bxd3 16. Qxd3 0-0 17. Qf3 f5 18. Rad1 Qe7 19. Rd4 Qf6 20. Kh1 Kh8 21. g4 Rg8 22. gxf5 Rg5 23. Rf4 e5 24. Rh4 e4 25. Qh3 Qxf5 26. Qe3 Rag8 27. Rf4 Qg6 28. Qd4+ Rg7 29. f3 Rg2 30. Rh4 Qg5 31. Rh3 Rd2 32. Qg1 Qxg1+ 33. Rxg1 e3 0-1

[Event "Orsha (Women)"]
[Site "Orsha"]
[Date "2015.01.20"]
[Round "3"]
[White "Pustovidko, Anastasia"]
[Black "Rodionova, Polina"]
[Result "1/2-1/2"]
[WhiteElo "2067"]
[BlackElo "2181"]
[PlyCount "64"]
[EventDate "2015.01.19"]
[EventType "tourn"]
[EventRounds "9"]
[EventCountry "BLR"]
[SourceTitle "CBM 164 Extra"]
[Source "ChessBase"]
[SourceDate "2015.03.02"]
[SourceVersion "1"]
[SourceVersionDate "2015.03.02"]
[SourceQuality "1"]

1. b3 Nf6 2. Bb2 g6 3. Bxf6 exf6 4. c4 Bg7 5. Nc3 0-0 6. g3 f5 7. Rc1 c6 8. Bg2 d6 9. e3 Nd7 10. Nge2 Qe7 11. 0-0 Nc5 12. d3 a5 13. a3 Bd7 14. Qc2 Rfe8 15. b4 axb4 16. axb4 Ne6 17. Ra1 g5 18. d4 Nf8 19. Ra2 Ng6 20. Rfa1 Rxa2 21. Rxa2 f4 22. e4 Qf6 23. Qd3 g4 24. gxf4 Nxf4 25. Nxf4 Qxf4 26. Ne2 Qg5 27. Ra5 Qe7 28. Ng3 Qf6 29. Ne2 Qe7 30. Ng3 Qf6 31. Ne2 Qe7 32. Ng3 Qf6 1/2-1/2

[Event "Orsha (Women)"]
[Site "Orsha"]
[Date "2015.01.19"]
[Round "1"]
[White "Pustovidko, Anastasia"]
[Black "Sagadijeva, Anna"]
[Result "1-0"]
[WhiteElo "2067"]
[BlackElo "1838"]
[PlyCount "85"]
[EventDate "2015.01.19"]
[EventType "tourn"]
[EventRounds "9"]
[EventCountry "BLR"]
[SourceTitle "CBM 164 Extra"]
[Source "ChessBase"]
[SourceDate "2015.03.02"]
[SourceVersion "1"]
[SourceVersionDate "2015.03.02"]
[SourceQuality "1"]

1. d4 f5 2. Nf3 Nf6 3. g3 g6 4. Bg2 Bg7 5. 0-0 0-0 6. b3 d6 7. Bb2 c6 8. c4 Qe8 9. Nc3 Nbd7 10. Qc2 e5 11. e4 fxe4 12. Nxe4 Nxe4 13. Qxe4 Nf6 14. Qe1 e4 15. Ng5 Bf5 16. Nh3 Qd7 17. Nf4 g5 18. Ne2 Bh3 19. Qd2 Bxg2 20. Kxg2 Qf5 21. h3 Rae8 22. Qe3 Qf3+ 23. Kh2 Re6 24. Kg1 d5 25. Rae1 Qf5 26. g4 Qf3 27. Ng3 Rfe8 28. Bc1 h6 29. Re2 Nd7 30. Rfe1 Qf7 31. Ba3 Bf8 32. Bxf8 Rxf8 33. Nf5 Qg6 34. Qg3 h5 35. Qg2 Rfe8 36. Re3 h4 37. Qh2 Nf8 38. Rc1 dxc4 39. bxc4 Rd8 40. Rce1 Ree8 41. Rxe4 Rxe4 42. Rxe4 Kh8 43. Qe5+ 1-0

[Event "Orsha (Women)"]
[Site "Orsha"]
[Date "2015.01.19"]
[Round "2"]
[White "Usacheva, Glafira"]
[Black "Pustovidko, Anastasia"]
[Result "0-1"]
[WhiteElo "1684"]
[BlackElo "2067"]
[PlyCount "74"]
[EventDate "2015.01.19"]
[EventType "tourn"]
[EventRounds "9"]
[EventCountry "BLR"]
[SourceTitle "CBM 164 Extra"]
[Source "ChessBase"]
[SourceDate "2015.03.02"]
[SourceVersion "1"]
[SourceVersionDate "2015.03.02"]
[SourceQuality "1"]

1. e4 c6 2. d4 d5 3. Nc3 dxe4 4. Nxe4 Bf5 5. Ng3 Bg6 6. Nh3 Nf6 7. Nf4 e6 8. h4 Qa5+ 9. Bd2 Qb6 10. Bc1 c5 11. h5 Be4 12. Nxe4 Nxe4 13. Qd3 Nf6 14. Qb5+ Nbd7 15. Qxb6 Nxb6 16. Bb5+ Nbd7 17. Be3 cxd4 18. Bxd4 0-0-0 19. Bc3 h6 20. Ke2 Bd6 21. Nd3 Nb6 22. Be5 Bxe5 23. Nxe5 Rd5 24. Nxf7 Rf8 25. c4 Rc5 26. b4 Rxh5 27. Rxh5 Nxh5 28. Nd6+ Kc7 29. Rd1 Nf6 30. f3 a6 31. c5 Nbd5 32. Rxd5 Nxd5 33. Bc4 Nxb4 34. Bxe6 b6 35. Ne4 bxc5 36. a3 Nc6 37. Nxc5 Kd6 0-1

[Event "Voronezh op-B 18th"]
[Site "Voronezh"]
[Date "2014.06.16"]
[Round "5"]
[White "Kruzhilin, Aleksey"]
[Black "Pustovidko, Anastasia"]
[Result "1-0"]
[WhiteElo "2081"]
[BlackElo "1944"]
[PlyCount "97"]
[EventDate "2014.06.12"]
[EventType "swiss"]
[EventRounds "9"]
[EventCountry "RUS"]
[SourceTitle "EXT 2015"]
[Source "ChessBase"]
[SourceDate "2014.11.20"]
[SourceVersion "1"]
[SourceVersionDate "2014.11.20"]
[SourceQuality "1"]

1. Nf3 Nf6 2. c4 g6 3. Nc3 Bg7 4. e4 d6 5. d4 0-0 6. Be2 Nbd7 7. 0-0 e5 8. Re1 exd4 9. Nxd4 Re8 10. f3 a6 11. Be3 Ne5 12. Qd2 c6 13. Rad1 Qc7 14. Nb3 Be6 15. Na4 b5 16. Nb6 Rad8 17. Qa5 Qb7 18. cxb5 axb5 19. Nd4 Bf8 20. Nxe6 fxe6 21. Bd4 Be7 22. a4 Rb8 23. f4 Nf7 24. e5 Ne4 25. Bf3 d5 26. Bxe4 dxe4 27. Be3 Bd8 28. Rxd8 Rexd8 29. axb5 cxb5 30. Qxb5 Rd3 31. Bc5 Rbd8 32. h3 Rd2 33. Be3 Rc2 34. b4 Rb8 35. Bc5 Rd8 36. Qa4 Rc3 37. Kh2 Kg7 38. Qb5 Rc2 39. Re2 Rc1 40. Ra2 h5 41. Qe2 Rdd1 42. Kg3 Rf1 43. Nc4 Qb5 44. Nd6 Qd7 45. Ra7 Qd8 46. Rxf7+ Kh6 47. Rf6 Qa8 48. Nf7+ Kg7 49. Ng5 1-0

[Event "Murmansk Basamro 2nd"]
[Site "Murmansk"]
[Date "2014.05.17"]
[Round "1.9"]
[White "Ustich, Ekaterina"]
[Black "Pustovidko, Anastasia"]
[Result "1/2-1/2"]
[WhiteElo "1890"]
[BlackElo "1937"]
[PlyCount "115"]
[EventDate "2014.05.17"]
[EventType "team-tourn"]
[EventRounds "3"]
[EventCountry "RUS"]
[SourceTitle "EXT 2023"]
[Source "ChessBase"]
[SourceDate "2022.10.05"]
[SourceVersion "1"]
[SourceVersionDate "2022.10.05"]
[SourceQuality "1"]

1. e4 c6 2. d4 d5 3. Nd2 dxe4 4. Nxe4 Bf5 5. Nc5 e5 6. Nxb7 Qe7 7. Na5 exd4+ 8. Be2 Qb4+ 9. Bd2 Qxb2 10. Rc1 Bc5 11. Nf3 Ne7 12. Ne5 Qb6 13. Rb1 Qc7 14. Nac4 Nd7 15. Nd3 Bxd3 16. cxd3 0-0 17. 0-0 Rab8 18. Rc1 Nd5 19. Bf3 Nb4 20. a3 Nd5 21. g3 Qb7 22. Na5 Qa6 23. Re1 Rb5 24. Nc4 Rfb8 25. a4 Rb3 26. Bxd5 cxd5 27. Ne5 Nxe5 28. Rxe5 Ba3 29. Bf4 h6 30. Rc2 Qxd3 31. Qxd3 Rxd3 32. Rxd5 Rb1+ 33. Kg2 Rb2 34. Rc4 Rb4 35. Rxb4 Bxb4 36. Bb8 a5 37. Bc7 Ra3 38. Bxa5 Rxa4 39. Bxb4 Rxb4 40. Kf1 f6 41. Ke2 Rb2+ 42. Kf3 Rd2 43. h4 Kf7 44. Ke4 Rxf2 45. Rxd4 Ke6 46. Ra4 Rb2 47. Ra6+ Kf7 48. Ra4 Rb3 49. Kf4 g5+ 50. Kg4 h5+ 51. Kxh5 Rxg3 52. Ra7+ Ke6 53. Ra6+ Ke5 54. Ra5+ Kf4 55. Ra4+ Ke5 56. Ra5+ Kd4 57. Rf5 gxh4 58. Kxh4 1/2-1/2

[Event "RUS-ch Higher League (Women) 63rd"]
[Site "Ekaterinburg"]
[Date "2013.06.29"]
[Round "9"]
[White "Pustovidko, Anastasia"]
[Black "Saunina, Ludmila"]
[Result "1/2-1/2"]
[WhiteElo "1905"]
[BlackElo "2208"]
[PlyCount "51"]
[EventDate "2013.06.20"]
[EventType "swiss"]
[EventRounds "9"]
[EventCountry "RUS"]
[SourceTitle "CBM 155 Extra"]
[Source "ChessBase"]
[SourceDate "2013.08.26"]
[SourceVersion "1"]
[SourceVersionDate "2013.08.26"]
[SourceQuality "1"]

1. d4 Nf6 2. g3 d5 3. Bg2 Bf5 4. Nf3 e6 5. 0-0 c5 6. e3 Nc6 7. c3 Be7 8. Nh4 Bg4 9. f3 Bh5 10. Bh1 Qb6 11. Ng2 g5 12. Qb3 c4 13. Qxb6 axb6 14. e4 dxe4 15. Bxg5 Bxf3 16. Nh4 Nd5 17. Nxf3 exf3 18. Bxe7 Kxe7 19. Bxf3 b5 20. Nd2 Ne3 21. Rf2 Rhd8 22. Re1 Nc2 23. Rc1 Ne3 24. Re1 Nc2 25. Rc1 Ne3 26. Re1 1/2-1/2

[Event "RUS-ch Higher League (Women) 63rd"]
[Site "Ekaterinburg"]
[Date "2013.06.26"]
[Round "6"]
[White "Pustovidko, Anastasia"]
[Black "Kovanova, Baira"]
[Result "0-1"]
[WhiteElo "1905"]
[BlackElo "2371"]
[PlyCount "86"]
[EventDate "2013.06.20"]
[EventType "swiss"]
[EventRounds "9"]
[EventCountry "RUS"]
[SourceTitle "CBM 155 Extra"]
[Source "ChessBase"]
[SourceDate "2013.08.26"]
[SourceVersion "1"]
[SourceVersionDate "2013.08.26"]
[SourceQuality "1"]

1. d4 Nf6 2. c4 e6 3. Bg5 c5 4. Bxf6 Qxf6 5. e3 Be7 6. g3 Nc6 7. Nf3 cxd4 8. exd4 d5 9. Nc3 dxc4 10. Bxc4 0-0 11. 0-0 Rd8 12. d5 Bb4 13. Nd2 Bxc3 14. Ne4 Qd4 15. dxc6 Ba5 16. Qxd4 Rxd4 17. cxb7 Bxb7 18. Nc5 Rxc4 19. Nxb7 Bb6 20. a4 Rb4 21. Nd6 Bc5 22. Nb5 Rxb2 23. Rab1 Bxf2+ 24. Kg2 Rxb1 25. Rxb1 Bb6 26. a5 Bxa5 27. Nxa7 g6 28. Nc6 Bc3 29. Rb3 Bf6 30. Kf3 Kg7 31. g4 Ra2 32. h3 Rc2 33. Nb8 Rc3+ 34. Rxc3 Bxc3 35. g5 h5 36. gxh6+ Kxh6 37. Nd7 f5 38. h4 e5 39. Kg3 e4 40. Nb6 Be1+ 41. Kh3 Kh5 42. Nd5 Bxh4 43. Nf4+ Kh6 0-1

[Event "RUS-ch Higher League (Women) 63rd"]
[Site "Ekaterinburg"]
[Date "2013.06.23"]
[Round "4"]
[White "Pustovidko, Anastasia"]
[Black "Tarasova, Viktoriya"]
[Result "0-1"]
[WhiteElo "1905"]
[BlackElo "2292"]
[PlyCount "76"]
[EventDate "2013.06.20"]
[EventType "swiss"]
[EventRounds "9"]
[EventCountry "RUS"]
[SourceTitle "CBM 155 Extra"]
[Source "ChessBase"]
[SourceDate "2013.08.26"]
[SourceVersion "1"]
[SourceVersionDate "2013.08.26"]
[SourceQuality "1"]

1. d4 Nf6 2. c4 e6 3. Nf3 Bb4+ 4. Bd2 c5 5. e3 b6 6. Bd3 Bb7 7. Bxb4 cxb4 8. Nbd2 0-0 9. 0-0 d6 10. Ng5 Qe7 11. f4 g6 12. e4 e5 13. d5 Nh5 14. Nh3 Nxf4 15. Nxf4 exf4 16. Rxf4 Qe5 17. Qf3 Nd7 18. Nb3 Qxb2 19. Qh3 Bc8 20. Raf1 Qg7 21. Be2 Ne5 22. Qe3 Ba6 23. Rf6 Bxc4 24. Bxc4 Nxc4 25. Qe2 Rac8 26. Nd4 Ne5 27. Nb5 Qh6 28. Nxd6 Rc1 29. Nb5 Rfc8 30. Nd6 Rxf1+ 31. Rxf1 Rc1 32. Nb5 Rxf1+ 33. Kxf1 Qc1+ 34. Kf2 Qc5+ 35. Kg3 a6 36. Kf4 f6 37. Na7 b5 38. Qe3 g5+ 0-1

[Event "RUS-ch Higher League (Women) 63rd"]
[Site "Ekaterinburg"]
[Date "2013.06.21"]
[Round "2"]
[White "Pustovidko, Anastasia"]
[Black "Nechaeva, Marina"]
[Result "1-0"]
[WhiteElo "1905"]
[BlackElo "2368"]
[PlyCount "79"]
[EventDate "2013.06.20"]
[EventType "swiss"]
[EventRounds "9"]
[EventCountry "RUS"]
[SourceTitle "CBM 155 Extra"]
[Source "ChessBase"]
[SourceDate "2013.08.26"]
[SourceVersion "1"]
[SourceVersionDate "2013.08.26"]
[SourceQuality "1"]

1. d4 d5 2. c4 c6 3. Nf3 Nf6 4. e3 Bf5 5. b3 e6 6. Nbd2 c5 7. Bb2 Nc6 8. cxd5 exd5 9. Bb5 Qa5 10. Qe2 a6 11. Bxc6+ bxc6 12. 0-0 Be7 13. Ne5 Rc8 14. Ndf3 0-0 15. Rfc1 Ne4 16. a3 f6 17. Nd3 Qb5 18. a4 Qxb3 19. Nxc5 Nxc5 20. dxc5 Qb7 21. Nh4 Bd7 22. Bd4 Rb8 23. h3 Bd8 24. Ra2 Bc8 25. Rb2 Qc7 26. Rb6 Ra8 27. Rcb1 Qd7 28. R6b3 Bc7 29. Qd3 Re8 30. g4 Qd8 31. Kg2 Be6 32. Rb7 Qd7 33. f3 Reb8 34. Rxb8+ Bxb8 35. Rb6 Qc7 36. f4 Qc8 37. Kf3 a5 38. Ng2 Bc7 39. Rb2 f5 40. g5 1-0